The Syndicate. (Record no. 350594)

000 -LEADER
fixed length control field 00712cam a22002771 4500
001 - CONTROL NUMBER
control field 6084627
003 - CONTROL NUMBER IDENTIFIER
control field OSt
005 - DATE AND TIME OF LATEST TRANSACTION
control field 20180116183021.0
008 - FIXED-LENGTH DATA ELEMENTS--GENERAL INFORMATION
fixed length control field 750908s1960 nyu 000 1 eng
010 ## - LIBRARY OF CONGRESS CONTROL NUMBER
LC control number 60009488
035 ## - SYSTEM CONTROL NUMBER
System control number (OCoLC)1610113
040 ## - CATALOGING SOURCE
Original cataloging agency DLC
Transcribing agency FM
Modifying agency NN
-- OCoLC
-- DLC
042 ## - AUTHENTICATION CODE
Authentication code premarc
043 ## - GEOGRAPHIC AREA CODE
Geographic area code f-tz---
050 00 - LIBRARY OF CONGRESS CALL NUMBER
Classification number PZ4.R476
Item number Sy
082 ## - DEWEY DECIMAL CLASSIFICATION NUMBER
Classification number 791.4575 RHO 1960
100 1# - MAIN ENTRY--PERSONAL NAME
Personal name Rhodes, Denys,
Dates associated with a name 1919-
245 14 - TITLE STATEMENT
Title The Syndicate.
250 ## - EDITION STATEMENT
Edition statement [1st ed.]
260 ## - PUBLICATION, DISTRIBUTION, ETC.
Place of publication, distribution, etc. Garden City, N.Y.,
Name of publisher, distributor, etc. Doubleday,
Date of publication, distribution, etc. 1960.
300 ## - PHYSICAL DESCRIPTION
Extent 275 p.
Dimensions 22 cm.
440 ## - SERIES STATEMENT/ADDED ENTRY--TITLE
Title The Syndicate
651 #0 - SUBJECT ADDED ENTRY--GEOGRAPHIC NAME
Geographic name Tanzania
Form subdivision Fiction.
906 ## - LOCAL DATA ELEMENT F, LDF (RLIN)
a 7
b cbc
c oclcrpl
d u
e ncip
f 19
g y-gencatlg
942 ## - ADDED ENTRY ELEMENTS (KOHA)
Source of classification or shelving scheme
Koha item type Book
Holdings
Withdrawn status Lost status Source of classification or shelving scheme Damaged status Not for loan Collection code Permanent Location Current Location Shelving location Date acquired Total Checkouts Full call number Barcode Date last seen Price effective from Koha item type
      Damaged     Central Library (CL) Central Library (CL) General Stacks 11/20/2015   791.4575 RHO 1960 NBSD-2200 11/20/2015 11/20/2015 Book
© 2023 Central Library, National University of Sciences and Technology. All Rights Reserved.